000 00389nam a2200157Ia 4500
008 230711s9999||||xx |||||||||||||| ||und||
041 _aENG
082 _a621
_bNA-E
100 _aNag,P.K
245 0 _aEngineering thermodynamics
250 _a3rd Ed.
260 _c2005
_aNew Delhi
_bTata McGraw Hill Education Limited
300 _a826
650 _aMechanical Engineering
942 _cBK
999 _c8585
_d8585